000 00942nam a2200289 i 4500
001 10449
003 ES-MaACL
005 20250827062556.0
008 940102s1994 sp ||||1| spa d
020 _a84-470-0380-9
080 _a347(46)(094.4)
110 1 _aEspaña
_93622
240 0 _aCódigo civil, 1889
245 1 0 _aCódigo civil /
_cedición preparada por José Antonio Pajares Giménez.
250 _a17ª ed.
260 _aMadrid :
_bCivitas,
_c1994.
300 _a628 p. ;
_c16 cm.
490 1 _aBiblioteca de legislación ;
_v5
500 _aAnexo I: noviembre 1994 - Anexo II: febrero 1995.
650 0 4 _aDerecho civil-
_zEspaña-
_vLegislación
_911663
655 0 _aLegislación
_9226283
700 1 _aPajares Jiménez, José Antonio.
_988346
830 1 _aBiblioteca de legislación ;
_v5
_9177899
852 _aES-MaACL
_jL-17946
_bR.124275
_910735
_cDEPOJ
942 _2udc
999 _c10449
_d10449